Basics Electrical and Electronics Engineering-1 (Record no. 182640)

MARC details
000 -LEADER
fixed length control field 00630nam a22001937a 4500
005 - DATE AND TIME OF LATEST TRANSACTION
control field 20211130115637.0
010 ## - LCCN (DPL NO)
LC control number ENG-130138
020 ## - INTERNATIONAL STANDARD BOOK NUMBER
International Standard Book Number 978-81-9061-709-3
Terms of availability 1595.00
035 ## - SYSTEM CONTROL NUMBER
System control number EN-113670
037 ## - SOURCE OF ACQUISITION
Source of stock number/acquisition DBAD/PUB
082 ## - DEWEY DECIMAL CLASSIFICATION NUMBER
Classification number 621.38
100 ## - MAIN ENTRY--PERSONAL NAME
Personal name Kumar, K. Vinoth.
245 ## - TITLE STATEMENT
Title Basics Electrical and Electronics Engineering-1
Statement of responsibility, etc K. Vinoth Kumar
250 ## - EDITION STATEMENT
Edition statement 2019
260 ## - PUBLICATION, DISTRIBUTION, ETC. (IMPRINT)
Place of publication, distribution, etc Chennai
Name of publisher, distributor, etc CBA Publisher
Date of publication, distribution, etc 2019
270 ## - ADDRESS
Address A-1, Thenmozhi Nagar, Third Street Keelkattalai
City Chennai
Postal code 600117
Electronic mail address cbapublisher@gmail.com
Telephone number 044-22470770
300 ## - PHYSICAL DESCRIPTION
Extent 304p.
Dimensions 24cm (hbk)
Other physical details Index
942 ## - ADDED ENTRY ELEMENTS (KOHA)
Source of classification or shelving scheme Dewey Decimal Classification
Item type English Books
Classification part 621.38
Call number suffix VIN
Holdings
Withdrawn status Lost status Not for loan Collection code Home library Current library Date acquired Source of acquisition Cost, normal purchase price Full call number Barcode Copy number Cost, replacement price Koha item type
      Non-fiction Shahdara Branch Shahdara Branch 30/11/2021 DBAD/PUB 1595.00 621.38 VIN EN-113670 1 1595.00 English Books

© Delhi Public Library
Hit Counter
free hit counter